| 000 | 00403pab a2200157 454500 | ||
|---|---|---|---|
| 008 | 180718b2010 xxu||||| |||| 00| 0 eng d | ||
| 100 | _aHughes, Nathan | ||
| 245 | _aModels and approaches in family-focused policy and practice: Review article | ||
| 260 | _c2010 | ||
| 300 | _ap.545-555. | ||
| 362 | _aOct | ||
| 650 | _aFamily | ||
| 773 | _aSocial Policy and Society | ||
| 908 | _aN | ||
| 909 | _a89576 | ||
| 999 |
_c89576 _d89576 |
||